000 00311nam a2200145Ia 4500
100 _aMARTAND TELSANG
650 _aPRODUCTION
942 _cBK
366 _f20
245 _aINDUSTRIAL ENGG.AND MANAGEMENT
260 _bS.Chand
_aNew Delhi
_c2016
082 _a658.5/TEL
300 _a687
546 _aENGLISH
999 _c20748
_d20748